Southville International School and Colleges
Your cart is empty.
  • Cart
  • Lists
    Public lists Eva Luna New books Lux_list list_1
    Your lists Log in to create your own lists
  • Log in to your account
  • Your cookies
  • Search history
Southville International School and Colleges
  • Advanced search
  • Recent comments
  • Most popular
  • Libraries

Log in to your account

Log in with GOOGLE


If you do not have an external account, but do have a local account, you can still log in:

  1. Home
  2. MARC view: Finance for growth :
Normal view MARC view ISBD view

Finance for growth : (Record no. 21235)

[ view plain ]
MARC details
000 -LEADER
fixed length control field 00724nam a2200229 a 4500
005 - DATE AND TIME OF LATEST TRANSACTION
control field 20140310183314.0
008 - FIXED-LENGTH DATA ELEMENTS--GENERAL INFORMATION
fixed length control field 051011s19uu xx 00 eng d
020 ## - INTERNATIONAL STANDARD BOOK NUMBER
International Standard Book Number 0195216059
050 ## - LIBRARY OF CONGRESS CALL NUMBER
Classification number HD 75
Item number .F491 2001
245 ## - TITLE STATEMENT
Title Finance for growth :
Remainder of title policy choices in a volatile world /
260 ## - PUBLICATION, DISTRIBUTION, ETC. (IMPRINT)
Place of publication, distribution, etc Washington, D.C :
Name of publisher, distributor, etc The International Bank for Reconstruction and Development /The World Bank,
Date of publication, distribution, etc 2001.
300 ## - PHYSICAL DESCRIPTION
Extent 211 p. :
Other physical details col. ill. ;
Dimensions 22 cm.
521 ## - TARGET AUDIENCE NOTE
Target audience note
650 ## - SUBJECT ADDED ENTRY--TOPICAL TERM
Topical term or geographic name as entry element Economic development
General subdivision Finance.
650 ## - SUBJECT ADDED ENTRY--TOPICAL TERM
Topical term or geographic name as entry element Finance.
650 ## - SUBJECT ADDED ENTRY--TOPICAL TERM
Topical term or geographic name as entry element Economic policy.
650 ## - SUBJECT ADDED ENTRY--TOPICAL TERM
Topical term or geographic name as entry element Finance, Public.
650 ## - SUBJECT ADDED ENTRY--TOPICAL TERM
Topical term or geographic name as entry element Financial institutions.
650 ## - SUBJECT ADDED ENTRY--TOPICAL TERM
Topical term or geographic name as entry element Expenditures, Public.
942 ## - ADDED ENTRY ELEMENTS (KOHA)
Koha item type Books
Source of classification or shelving scheme Library of Congress Classification
Call number prefix Foreign
Holdings
Withdrawn status Lost status Source of classification or shelving scheme Damaged status Home library Current library Shelving location Date acquired Source of acquisition Cost, normal purchase price Total Checkouts Full call number Barcode Date last seen Copy number Price effective from Koha item type
    Library of Congress Classification   College Library College Library General Circulation Section     853.00   HD 75 .F491 2001 C6327 05/15/2018 1 10/10/2013 Books

Finance for growth :

APA

(2001). Finance for growth. Washington, D.C: The International Bank for Reconstruction and Development /The World Bank.

Chicago

2001. Finance for growth. Washington, D.C: The International Bank for Reconstruction and Development /The World Bank.

Harvard

(2001). Finance for growth. Washington, D.C: The International Bank for Reconstruction and Development /The World Bank.

MLA

Finance for growth. Washington, D.C: The International Bank for Reconstruction and Development /The World Bank. 2001.

  • Place hold
  • Print
  • Cite
  • Add to your cart (remove)
  • Save record
    BIBTEX Dublin Core MARCXML MARC (non-Unicode/MARC-8) MARC (Unicode/UTF-8) MARC (Unicode/UTF-8, Standard) MODS (XML) RIS
  • More searches
    Search for this title in:
    Other Libraries (WorldCat) Other Databases (Google Scholar) Online Stores (Bookfinder.com) Open Library (openlibrary.org)

Exporting to Dublin Core...

SOUTHVILLE LIBRARY

Southville International School and Colleges Library

1281 Tropical Ave. Cor. Luxembourg St., BF Homes International, Las Pinas City

Tel. No. 8256374 / 252358 Loc. 117/146

Powered by Koha